Normal view MARC view
  • Vega, Manuel de

Entry Nombre Personal

Number of records used in: 1

001 - NUMERO DE CONTROL

  • campo de control: 43701

003 - IDENTIFICADOR DE NUMERO DE CONTROL

  • campo de control: DLC

005 - FECHA Y HORA DE LA ÜLTIMA TRANSACCIÓN

  • campo de control: 20220325103058.0

008 - DATOS DE LONGITUD FIJA

  • campo de control de longitud fija: 220325n| acannaabn |a aaa

010 ## - NÚMERO DE CONTROL DE LA BIBLIOTECA DEL CONGRESO

  • Número de control LC: n 95087965

035 ## - NUMERO DE CONTROL

  • Número de control: (OCoLC)oca03912937

040 ## - FUENTE DE CATALOGACIÓN

  • Agencia original de catalogación: DLC
  • Lenguaje de catalogación: spa
  • Agencia de transcripción: DLC
  • Agencia que lo modifica: DLC
  • Agencia que lo modifica: OCoLC
  • Agencia que lo modifica: MX-MxUPN

100 1# - ENCABEZAMIENTO - NOMBRE PERSONAL

  • Nombre personal: Vega, Manuel de

372 ## - CAMPO DE ACTIVIDAD

  • Field of activity: Psicología

373 ## - GRUPO ASOCIADO

  • Associated group: Universidad de La Laguna

374 ## - OCUPACIÓN

  • Occupation: Profesor universitario

375 ## - GÉNERO

  • Gender: masculino

377 ## - LENGUA ASOCIADA

  • Language code: spa

400 1# - VEÁSE - NOMBRE DE PERSONA

  • Personal name: De Vega, Manuel

400 1# - VEÁSE - NOMBRE DE PERSONA

  • Personal name: Vega Rodríguez, Manuel de

400 1# - VEÁSE - NOMBRE DE PERSONA

  • Personal name: Rodríguez, Manuel de Vega

670 ## - FUENTE EN LA QUE SE LOCALIZARON DATOS

  • Cita de la fuente: Models of visual-spatial cognition, 1995:
  • Información localizada: portada (Manuel de Vega) solapa (Universidad de La Laguna, Tenerife, Spain)

670 ## - FUENTE EN LA QUE SE LOCALIZARON DATOS

  • Cita de la fuente: Psicolingüística del español, c1999:
  • Información localizada: portada (Manuel de Vega) solapa posterior (Manuel de Vega Rodríguez; catedrático de psicología básica de la Univ. de La Laguna; lists works)